000 00306nam a2200109Ia 4500
008 220630s9999 xx 000 0 und d
020 _a0-7981-5172-2
082 _aAF DEKO
100 _aDe Kock, Helene
_967844
245 0 _aHelence de kock omnibus 3
942 _cBK
_w561
_xJohn Tresidder
_y
_zCRON CRON
999 _c699539
_d699538